000 00437nam a2200145 a 4500
001 000033579
005 20240306073904.0
008 110831s1937 dr 000 0 spa d
040 _aDO-SdBNP
_bspa
_cBNPHU
100 1 _aAlfau Durán, Vetilio,
_d1909-1985
_910091
245 1 0 _aBolivar /
_cVetilio J. Alfau Durán.
260 _aHiguey, República Dominicana :
_bImp. Civismo,
_c1937.
300 _aAlfau Durán, Vetilio J.
049 _aBNPD
999 _c33070
_d33070